书目信息 |
| 题名: |
伏羲与史前社会艺术心理学
|
|
| 作者: | 郑贵祥 著 | |
| 分册: | ||
| 出版信息: | 兰州 甘肃人民美术出版社 2015 |
|
| 页数: | 411页 | |
| 开本: | 24cm | |
| 丛书名: | ||
| 单 册: | ||
| 中图分类: | K210.7 , J120.91 | |
| 科图分类: | ||
| 主题词: | 中国历史--zhong guo li shi--上古史--研究 , 社会心理学--she hui xin li xue--艺术心理学--研究--中国--上古 | |
| 电子资源: | ||
| ISBN: | 978-7-5527-0256-9 | |
| 000 | 01132nam0 22002531 450 | |
| 001 | 0120082243 | |
| 005 | 20170320082243.0 | |
| 010 | @a978-7-5527-0256-9@dCNY68.00 | |
| 100 | @a20160411d2015 em y0chiy50 ea | |
| 101 | 0 | @achi |
| 102 | @aCN@b620000 | |
| 105 | @ay z 000yy | |
| 106 | @ar | |
| 200 | 1 | @a伏羲与史前社会艺术心理学@9fu xi yu shi qian she hui yi shu xin li xue@f郑贵祥著 |
| 210 | @a兰州@c甘肃人民美术出版社@d2015 | |
| 215 | @a411页@d24cm | |
| 330 | @a本书为伏羲文化研究专著。作者站在学术前沿,对伏羲与史前社会作了较为全面的论述。全书分为三编。第一编“伏羲及其文化考论”共7章,主要通过伏羲的政治形象、文学形象、艺术形象、历史形象等方面论证了伏羲及其文化;第二编“史前社会艺术心理学”共7章,主要论证了史前社会艺术心理学;第三编“大地湾文化艺术心理学实证分析”共6章,主要以考古实例,论证大地湾文化艺术心理学。 | |
| 606 | 0 | @a中国历史@9zhong guo li shi@x上古史@x研究 |
| 606 | 0 | @a社会心理学@9she hui xin li xue@x艺术心理学@x研究@y中国@z上古 |
| 690 | @aK210.7@v5 | |
| 690 | @aJ120.91@v5 | |
| 701 | 0 | @a郑贵祥@9zheng gui xiang@f(1973~)@4著 |
| 801 | 0 | @aCN@bTANGWEI@c20170308 |
| 905 | @b0957387-9@dK210.7@e16@f3 | |
| 伏羲与史前社会艺术心理学/郑贵祥著.-兰州:甘肃人民美术出版社,2015 |
| 411页;24cm |
| ISBN 978-7-5527-0256-9:CNY68.00 |
| 本书为伏羲文化研究专著。作者站在学术前沿,对伏羲与史前社会作了较为全面的论述。全书分为三编。第一编“伏羲及其文化考论”共7章,主要通过伏羲的政治形象、文学形象、艺术形象、历史形象等方面论证了伏羲及其文化;第二编“史前社会艺术心理学”共7章,主要论证了史前社会艺术心理学;第三编“大地湾文化艺术心理学实证分析”共6章,主要以考古实例,论证大地湾文化艺术心理学。 |
| ● |
| 相关链接 |
|
|
|
|
正题名:伏羲与史前社会艺术心理学
索取号:K210.7/16
 
预约/预借
| 序号 | 登录号 | 条形码 | 馆藏地/架位号 | 状态 | 备注 |
| 1 | 0957387 | 209573870 | 第二样本阅览室/ [索取号:K210.7/16] | 在馆 | |
| 2 | 0957388 | 209573889 | 第二借阅区/ [索取号:K210.7/16] | 在馆 | |
| 3 | 0957389 | 209573898 | 第二借阅区/ [索取号:K210.7/16] | 在馆 |